000
00330nam a2200133Ia 4500
008
210210b1991 xxu||||| |||| 00| 0 eng d
082
_a
824 MITW
100
_a
MITTAL (Naimisharan).
245
_a
World famous conmen.
260
_a
N D
_b
Family Books Pvt Ltd.,
_c
1991
300
_a
128
690
_a
English Prose
906
_a
045554
999
_c
94935
_d
94935